| 000 | 01178nam a2200241Ia 4500 | ||
|---|---|---|---|
| 999 |
_c44396 _d44396 |
||
| 001 | 11161 | ||
| 003 | GE_BSU | ||
| 005 | 20251226145102.0 | ||
| 008 | 181216s1986||||ge |||||||||||||| ||geo|| | ||
| 040 | _cGE_BSU | ||
| 041 | _ageo | ||
| 080 | _a579(075.8) მ-75 | ||
| 100 |
_aმიშუსტინი, ე. _926614 |
||
| 245 |
_aმიკრობიოლოგია. _bსახელმძღვანელო აგრონომიული სპეციალ. სას.-სამ. უმაღლესი სასწავლებლებისათვის. / _cე.მიშუსტინი, ვ. ემცევი, რედ. ელ.ფიფია; მთარგმნ.მ.მეგრელიძე. |
||
| 264 |
_aთბილისი , _c1986. |
||
| 300 |
_a454 გვ; _bილ; ცხრ. _c22 სმ. |
||
| 653 | _aმიკრობიოლოგია. | ||
| 700 |
_aმიშუსტინი, ე. _926615 |
||
| 700 |
_aემცევი, ვ. _926616 |
||
| 700 |
_aფიფია, ე _eრედაქტორი _926617 |
||
| 700 |
_aმეგრელიძე, მ _eმთარგმნელი _926618 |
||
| 942 |
_cBK _2udc |
||